61 Instruments Quiz - Statistics

General Stats
  • This quiz has been taken 40 times
    24 since last reset
  • The average score is 32 of 61
Answer Stats
Picture Answer % Correct
Flute
96%
Saxophone
96%
Trumpet
96%
Whistle
96%
Clarinet
91%
French Horn
91%
Guitar
91%
Harp
91%
Piano
91%
Triangle
91%
Trombone
91%
Violin
91%
Maracas
87%
Ukulele
87%
Banjo
83%
Bongo
83%
Gong
83%
Harmonica
83%
Recorder
83%
Bassoon
78%
Kazoo
74%
Marimba
74%
Tambourine
74%
Timpani
74%
Washboard
74%
Cymbal
70%
Cow Bell
65%
Pan Flute
65%
Wood Block
65%
Lute
61%
Ocarina
61%
Glockenspiel
57%
Steel Pan
57%
Slide Whistle
48%
Castanet
43%
Cabasa
39%
Guiro
35%
Clave
30%
Sleigh Bells
30%
Vibraslap
30%
Alphorn
26%
Bell Tree
26%
Flexatone
26%
Hand Pan
26%
Ratchet
26%
Agogo Bells
22%
Cajon
22%
Jews Harp
22%
Rainstick
22%
Timbale
22%
Marching Machine
17%
Zither
17%
Jam Block
13%
Hyoshigi
9%
Mark Tree
9%
Rakatak
9%
Samba Whistle
9%
Finger Symbols
4%
Tamborim
4%
Den den daiko
0%
Hand Chime
0%
No matching quizzes found
Score Distribution
Percent of People with Each Score
Percentile by Number Answered
Your Score History
You have not taken this quiz since the last reset